Регионална библиотека "Любен Каравелов" - Русе

Календарен справочник по пчеларство (Запис номер 20545)

MARC детайли
000 -Лидер
Контролно поле с фиксирана дължина 01108nam a2200313 c 4500
003 - Код на организацията, давaща контролен номер
Контролно поле BLK
005 - Дата и час на последна редакция
Контролно поле 20180420215606.0
008 - Елементи от данни с фиксирана дължина
fixed length control field 180413b bul|||||r ||||||| ||bul||
010 ## - Наследен системен номер
LC control number KNG00022776000
020 ## - Международен стандартен номер на книга ISBN
Международен стандартен номер на книга ISBN 954-8496-18-6
-- издат.: Дионис
040 ## - Източник на каталожния запис
Идентификатор на билиотеката - собственик на записа BLK
041 ## - Код за език
Код за езика на текст/звукозапис или на отделно заглавие Български
Код за езика КДБФ Български
080 ## - УДК
Текстов определител УДК Пчеларство. Медоносна пчела (Вж и 595.799)
УДК код - определител по УДК 638.1
УДК определител (035)
УДК - код + определител 638.1(035)
100 1# - Редна дума - Автор
Автор Радоев, Любен Иванов
Авторска отговорност първи автор
R(LIN) 264897
139 ## - Редно поле
Редна дума Радоев, Любен Иванов
Авторски знак Радо - Р 16
245 10 - Сведения за заглавието
Заглавие Календарен справочник по пчеларство
Редно поле (дума) Любен Иванов Радоев.
250 ## - Област на изданието
Сведения за изданието [4. изд.]
257 ## - Страна на издаване
Страна на създаване/издаване България
260 ## - Област на издателските данни
-- София
Име на издателя, разпространителя и проч. Дионис
Година на издаване 1998
Печатница Перник : СъПерник
300 ## - Физическа характеристика
Страници 303 с.
Илюстрации и др. с ил., табл.
Размери/Мащаб 20 см
380 ## - Жанр
Жанр Селско стопанство
650 #4 - Допълнително описание по предмет – тема
Основно описание – тема или топоним Пчеларство
9 (RLIN) 168508
653 ## - Ключова дума – ненормативна
Ключова дума пчеларство
852 ## - Местоположение
Форматна сигнатура Цб 196478
856 4# - Електронен адрес и достъп
Електронен формат pdf - файл
Път до файла /url/
856 4# - Електронен адрес и достъп
Електронен формат pdf - файл
Път до файла /url/
942 ## - АРТИКУЛИ
Вид на библиотечния материал Книги
Скрит в OPAC Не
944 ## - СЪЗДАВАНЕ И РЕДАКЦИЯ на ЗАПИСА
Създаване/Редакция Създаване
Дата на регистрацията/редакция 15.01.2003
Служител, извършил регистрацията/редакцията Людмила_Стоянова
944 ## - СЪЗДАВАНЕ И РЕДАКЦИЯ на ЗАПИСА
Създаване/Редакция Редакция
Дата на регистрацията/редакция 23.03.2010
Служител, извършил регистрацията/редакцията
999 ## - СИСТЕМНИ КОНТРОЛНИ НОМЕРА
Koha biblionumber 20545
Koha biblioitemnumber 20545
Наличности
Код за отписване Код за изгубен артикул Източник на класификационната схема Код за повреда Коз за рестрикции Код за отдаване Артикулен № Име на библиотеката - собственик Име на библиотеката, в която се намира в момента Статус (Текущо местоположение) Дата на вписване в системата Местоположение - отдел Цена в лева Инвентарен номер Систематично азбучна сигнатура Баркод Номер на екземпляра Цена в евро Служебна бележка Служебен тип на артикула
  Не е изгубен Universal Decimal Classification Не е повреден без рестрикции ползва се в читалня 34050 Регионална библиотека "Любен Каравелов" Русе Регионална библиотека "Любен Каравелов" Русе Читалня 2001-01-01 Читалня 4.80 639838 Ч 638/Р 16 120000639838 1 2.45 Дост: Pk Вид: Ф N: стар фонд Дата: 01.01.2001 Дата инв: 20.03.2017 Бележки инв: Ч2017 Книги
  Не е изгубен Universal Decimal Classification Не е повреден без рестрикции ползва се в читалня 34051 Регионална библиотека "Любен Каравелов" Русе Регионална библиотека "Любен Каравелов" Русе Хранилище 2001-01-01 Хранилище 4.80 641064 Цб 196478 120000641064 2 2.45 Дост: Dp Вид: Д N: стар фонд Дата: 01.01.2001 Книги
Vip Innovations Ltd, Rousse, Bulgaria 2025